Costumbre jurídica.

Kaydedildi:
Detaylı Bibliyografya
Yazar: Cuevas Gayosso, José Luis (autor)
Materyal Türü: Kitap
Dil:İngilizce
Baskı/Yayın Bilgisi: Xalapa, Veracruz, México: Seminario de Derecho romano y Derechos indígenas de la Facultad de Derecho, Universidad Veracruzana, 2013.
Edisyon:Primera edición.
Konular:
Etiketler: Etiketle
Etiket eklenmemiş, İlk siz ekleyin!

MARC

LEADER 00000nam a22000007a 4500
003 CL-VaPUC
005 20220822114621.0
008 220713t2013 ||||| |||| 00| 0 eng d
999 |c 437014  |d 437012 
020 |a 978-607-9248-23-9 
040 |c Pontificia Universidad Católica de Valparaíso 
082 |2 22  |a 340.10972 CUE 2013 
100 |9 547804  |a Cuevas Gayosso, José Luis  |e autor 
245 |a Costumbre jurídica.  
250 |a Primera edición.  
260 |a Xalapa, Veracruz, México:   |b Seminario de Derecho romano y Derechos indígenas de la Facultad de Derecho,   |b Universidad Veracruzana,  |c 2013. 
300 |a 161 páginas.  
500 |a  c.1 Donación Familia Prof. Alejandro Guzmán Brito. 
583 |c 20220713  |k Yessy Sthefany Diaz Vidal 
650 0 |9 255050  |a Filosofía del derecho   |z México  
650 0 |9 255930  |a Derecho romano  |z México  
650 0 |9 699312  |a Derechos indígenas  |z México  
942 |2 ddc  |c BK  |n 0 
952 |0 0  |1 0  |2 ddc  |4 0  |6 340_109720000000000_CUE_2013  |7 1  |8 C_AGB  |9 584750  |a BIBDER  |b BIBDER  |d 2022-07-13  |e Donación   |i 5652817  |l 1  |o 340.10972 CUE 2013  |p 5652817  |r 2023-12-13  |s 2023-12-13  |t 1  |w 2022-07-13  |y BK_US  |k AGB